Berjimat Kerana Terpaksa

Bibliographic Details
Main Author: W.S.Uzala
Format: Book
Published: Kuala Lumpur : Goodmark Enterprise , 1996
Series:Siri Motivasi Mengawal Diri
Subjects:

MARC

LEADER 00000cam a2200000 7i4500
001 0000009048
005 20011109.0
020 |a 9830571092 
090 0 0 |a 332   |b WSU 
100 1 |a W.S.Uzala 
245 1 0 |a Berjimat Kerana Terpaksa   |c W.S.Uzala 
260 |a Kuala Lumpur :   |b Goodmark Enterprise ,   |c 1996 
300 |a 60 p. :   |b ill. ;   |c 18 cm. 
490 0 |a Siri Motivasi Mengawal Diri 
650 0 0 |a Motivation 
999 |a 051676   |b BUKU   |c PINJAMAN   |e PERPUSTAKAAN KOMUNITI PETALING JAYA 
999 |a 051677   |b BUKU   |c JUNIOR BOOKS   |e PERPUSTAKAAN KOMUNITI PETALING JAYA 
999 |a 053773   |b BUKU   |c PINJAMAN   |e PERPUSTAKAAN KOMUNITI CAW KOTA DAMANSARA 
999 |a 053774   |b BUKU   |c PINJAMAN   |e PERPUSTAKAAN KOMUNITI PETALING JAYA